| 000 | 01170nam0a22002291 4500 | ||
|---|---|---|---|
| 001 | v19\rc\2011181 | ||
| 005 | 20250620001930.0 | ||
| 035 | _a(NLR Aleph) 005092973 | ||
| 090 |
_a7316367 _c7316367 |
||
| 100 | _a20080925d1901 |||y0rusy50 ca | ||
| 101 | 0 | _arus | |
| 102 | _aRU | ||
| 105 | _ay z ||||| | ||
| 200 | 1 |
_a[Правила игры в хоккей на льду, выработанные в соединенном заседании представителей спортовых обществ, в С.-Петербурге 23 марта 1900 года] _fС.-Петерб. о-во любителей бега на коньках |
|
| 210 |
_aСанкт-Петербург _cС.-Петерб. о-во любителей бега на коньках _d1901 |
||
| 215 | _a6 с. | ||
| 540 | 1 | _aПравила игры в хоккей на льду, выработанные в соединенном заседании представителей спортовых обществ, в С.-Петербурге 23 марта 1900 года | |
| 801 | 0 |
_aRU _bNLR _gpsbo |
|
| 801 | 1 |
_aRU _bProSoft-M _2rusmarc |
|
| 852 |
_aNLR _j20.61.7.74(1) |
||
| 942 | _cBOOK | ||
| 980 | _aNB | ||